Women Human Resource An Elixir For the Tourism Industry: (Record no. 182789)
[ view plain ]
| 000 -LEADER | |
|---|---|
| fixed length control field | 00640 a2200205 4500 |
| 005 - DATE AND TIME OF LATEST TRANSACTION | |
| control field | 20211206130524.0 |
| 010 ## - LCCN (DPL NO) | |
| LC control number | ENG-130206 |
| 020 ## - INTERNATIONAL STANDARD BOOK NUMBER | |
| Terms of availability | 75.00 |
| International Standard Book Number | 978-93-81006-12-2 |
| 035 ## - SYSTEM CONTROL NUMBER | |
| System control number | EN-113738 |
| 037 ## - SOURCE OF ACQUISITION | |
| Source of stock number/acquisition | DBAD / PUB |
| 082 14 - DEWEY DECIMAL CLASSIFICATION NUMBER | |
| Classification number | 338.479154 |
| 100 1# - MAIN ENTRY--PERSONAL NAME | |
| Personal name | Eswari, S. |
| 245 1# - TITLE STATEMENT | |
| Title | Women Human Resource An Elixir For the Tourism Industry: |
| Statement of responsibility, etc | Edited by S. Eswari |
| 250 ## - EDITION STATEMENT | |
| Edition statement | 2012 |
| 260 ## - PUBLICATION, DISTRIBUTION, ETC. (IMPRINT) | |
| Place of publication, distribution, etc | Chennai |
| Name of publisher, distributor, etc | Semmoodhai Pathippagam |
| Date of publication, distribution, etc | 2012 |
| 270 ## - ADDRESS | |
| Address | No. 17, Tagore Street, M.M.D.A Nagar, Chitlapakkam |
| City | Chennai |
| 300 ## - PHYSICAL DESCRIPTION | |
| Extent | vii, 211p. |
| Dimensions | 21cm (pbk) |
| 700 ## - ADDED ENTRY--PERSONAL NAME | |
| Personal name | R. Abilash |
| 942 ## - ADDED ENTRY ELEMENTS (KOHA) | |
| Institution code [OBSOLETE] | dpl |
| Item type | English Books |
| Source of classification or shelving scheme | Dewey Decimal Classification |
| Classification part | 338.479154 |
| Call number suffix | WOM |
| Withdrawn status | Lost status | Not for loan | Collection code | Home library | Current library | Date acquired | Source of acquisition | Cost, normal purchase price | Full call number | Barcode | Copy number | Cost, replacement price | Koha item type |
|---|---|---|---|---|---|---|---|---|---|---|---|---|---|
| Non-fiction | Shahdara Branch | Shahdara Branch | 06/12/2021 | DBAD/PUB | 75.00 | 338.479154 NAT | EN-113738 | 1 | 75.00 | English Books |
